| 000 | 01365nam a22002417a 4500 | ||
|---|---|---|---|
| 999 |
_c60279 _d60279 |
||
| 003 | Ge_BSU | ||
| 005 | 20230623172317.0 | ||
| 008 | 230623s2009 ge ||||| |||| 00| 0 geo d | ||
| 041 | _ageo | ||
| 080 | _a016:929(479.22) მ-54 | ||
| 245 |
_aშალვა ამირანაშვილი, 110 : _bბიობიბლიოგრაფია / _cშეადგინეს ლია მელიქიშვილმა და ჯუანშერ ამირანაშვილმა ; რედ. ირინა არსენიშვილი. |
||
| 264 |
_aთბილისი, _c2009. |
||
| 300 |
_a114 გვ. : _bფოტ. ; _c20 სმ. |
||
| 653 | _aამირანაშვილი, შალვა, 1899-1975 | ||
| 653 | _aხელოვნებათმცოდნეობა | ||
| 653 | _aბიბლიოგრაფია. | ||
| 653 | _aქართველი ხელოვნებათმცოდნეები | ||
| 653 | _aბიობიბლიოგრაფია. | ||
| 700 |
_aმელიქიშვილი, ლია _eშემდგენელი _9159 |
||
| 700 |
_aამირანაშვილი, ჯუანშერ _eშემდგენელი _917671 |
||
| 700 |
_aარსენიშვილი, ირინა _eრედაქტორი _918946 |
||
| 942 |
_2udc _cBK |
||